000 00606nam a2200205 i 4500
001 79527
003 ES-MaACL
005 20231219163505.0
007 t|
008 041021s1974 sp |||| | spa d
100 1 _aHernández-Sampelayo, Jaime.
_963049
245 1 0 _aGracia y ventura de la tarjeta postal /
_cJaime Hernández-Sampelayo.
260 _aMadrid :
_b[s.n.,
_c1974]
300 _a18 p. ;
_c24 cm.
650 4 _aTarjetas postales.
_9147237
710 2 _aInstituto de Estudios Turísticos.
_94936
852 _aES-MaACL
_j2094-F-11
942 _2udc
999 _c79527
_d79527